000
00198 a2200085 4500
020
_a
9780486250236
100
_a
Le-corbusier
245
_a
Towards a New Architecture
260
_b
Dover Publications Inc.
999
_c
13303
_d
13303